Vulcani attivi e quiescenti italiani (mappa) - Morte improvvisa - Statistics

Statistiche generali
  • Questo quiz è stato fatto 150 volte
  • Il punteggio medio è 3 su 18
Answers on the Grid
Answers color-coded by a green-red scale on the quiz's grid according to % correct below.
 
Statistiche sulle risposte
Risposta % Corretto
52%
50%
46%
41%
37%
28%
24%
7%
4%
4%
2%
2%
2%
2%
2%
0%
0%
0%
Nessun quiz corrispondente trovato
Distribuzione punteggi
Percentuale di utenti per punteggio
Percentile per numero di risposta
I tuoi punteggi nel tempo
Non hai fatto questo quiz